000 00292nam a2200121Ia 4500
008 150731s2013 xx 000 0 und d
082 _a615.538
_bA 13 S
100 _aSHARMA,TARACHAND
245 _aAYURVEDEY PADARTH-DARSHAN
260 _bNATH PUB.
_c2013
300 _a484
942 _2ddc
_cBK
_04
999 _c7770
_d7770